| 000 | 00892naa a2200241 4500 | ||
|---|---|---|---|
| 005 | 20110810145620.0 | ||
| 008 | 110810t xxu||||| |||| 00| 0 eng d | ||
| 010 | _aENG-103367 | ||
| 020 | _c400.00 | ||
| 035 | _aEN-86900 | ||
| 037 | _bDBAD/PUB | ||
| 040 |
_aDPL _bEng |
||
| 100 |
_932587 _aBandyopadhyay, Gouri Sankar |
||
| 245 | 1 |
_aAncestral cult in Bengal: _cby Gouri Sankar Bandyopadhyay _ba comparative study / |
|
| 260 |
_aBurdwan _bTouchstone Publication, _c2011 |
||
| 270 |
_aBurdwan-2, _bW.B. |
||
| 300 |
_a157p. _c22cm (Hb) |
||
| 500 | _aIncludes bibliographical references and index | ||
| 700 | _933086 | ||
| 942 |
_adpl _cEN _2ddc _mBAN |
||
| 999 |
_c55739 _d55739 |
||